Australian States Quiz Stats

 Plays Quiz Updated Jun 27, 2018

Support Sporcle.
Go Orange.
Score 0/8 Timer 03:00
131 Plays Today
% Correct
Queensland
88.3%
Tasmania
85.7%
New South Wales
83.6%
Western Australia
80.7%
Victoria
77%
Northern Territory
70.7%
South Australia
68.3%
Australian Capital Territory
47.1%

You're not logged in!

Compare scores with friends on all Sporcle quizzes.
OR
Log In

From the Vault

Last Lines of Songs III

by leppyfresh

It's all about how you finish.
Remove Ads.
Support Sporcle.
Get the best of Sporcle when you Go Orange. This ad-free experience offers more features, more stats, and more fun while also helping to support Sporcle. Thank you for becoming a member.

Show Comments

Extras

Top Quizzes Today


Score Distribution

Your Account Isn't Verified!

In order to create a playlist on Sporcle, you need to verify the email address you used during registration. Go to your Sporcle Settings to finish the process.

Report this User

Report this user for behavior that violates our Community Guidelines.

Details: